000 00679nam a2200229Ia 4500
003 GCL
008 140319s9999 xx 000 0 ara d
040 _aGCL /
_cGCL
082 0 4 _a792.0973
_bو ر
100 1 _aواجنر, فردريك
245 1 0 _aرواد المسرح الامريكى /
_cواجنر, فردريك
700 1 _aبرادى، باربرا
300 _a168 ص
490 _aالمكتبة الفنية
_v0
650 0 4 _aالتراجم
650 0 4 _aالفنانون
650 0 4 _aالمسرح الامريكى
650 0 4 _aالرجال - تراجم
650 0 4 _aالفنانون - تراجم
650 0 4 _aالمسرحيون
942 _2ddc
_cBK
999 _c49958
_d49958